Bifurcation and blow-up results for equations with p-Laplacian and convex-concave nonlinearity

Elmentve itt :
Bibliográfiai részletek
Szerző: Ilyasov Yavdat Shavkatovich
Dokumentumtípus: Folyóirat
Megjelent: 2017
Sorozat:Electronic journal of qualitative theory of differential equations
Kulcsszavak:Laplace-operátor, Konkáv-konvex nemlinearitás, Bifurkáció, Collatz-Wielandt-formula
doi:10.14232/ejqtde.2017.1.96

Online Access:http://acta.bibl.u-szeged.hu/54801
LEADER 00831nas a2200193 i 4500
001 acta54801
005 20260224081030.0
008 180531s2017 hu o 000 eng d
022 |a 1417-3875 
024 7 |a 10.14232/ejqtde.2017.1.96  |2 doi 
040 |a SZTE Egyetemi Kiadványok Repozitórium  |b hun 
041 |a eng 
100 1 |a Ilyasov Yavdat Shavkatovich 
245 1 0 |a Bifurcation and blow-up results for equations with p-Laplacian and convex-concave nonlinearity  |h [elektronikus dokumentum] /  |c  Ilyasov Yavdat Shavkatovich 
260 |c 2017 
300 |a 1-13 
490 0 |a Electronic journal of qualitative theory of differential equations 
695 |a Laplace-operátor, Konkáv-konvex nemlinearitás, Bifurkáció, Collatz-Wielandt-formula 
856 4 0 |u http://acta.bibl.u-szeged.hu/54801/1/ejqtde_2017_096_001-013.pdf  |z Dokumentum-elérés